| 000 | 00437nam a2200145Ia 4500 | ||
|---|---|---|---|
| 008 | 140316s9999 xx 000 0 und d | ||
| 020 | _a | ||
| 082 |
_a336.346 _bVIK/DE |
||
| 100 | _aVikas,Adhyayan Kendra | ||
| 245 | _aDebt crisis in South Asia : role of international financial institutions | ||
| 260 |
_aIndia _bVikas adhyayan kendra _c2009 |
||
| 300 | _a72 | ||
| 650 | _aCollection of case studies from South Asia | ||
| 942 |
_2ddc _cBK |
||
| 999 |
_c10514 _d10514 |
||